| 000 | 00505nam a22001937a 4500 | ||
|---|---|---|---|
| 005 | 20260420105411.0 | ||
| 008 | 260420b |||||||| |||| 00| 0 eng d | ||
| 020 |
_a9789358494242 _c350.00 |
||
| 040 | _aMAIN | ||
| 041 | _aeng | ||
| 082 |
_a301.09 _bBHU |
||
| 100 |
_aBhuyan, Dilip Kumar. _dBordoloi, Moushumi. |
||
| 245 |
_aSociology Of India _cBy Dilip Kumar Bhuyan. |
||
| 250 | _a1st ed. | ||
| 260 |
_aDibrugarh: _bBanalata; _c2024. |
||
| 300 | _a296p. | ||
| 650 | _aSociology | ||
| 942 |
_2ddc _cBK |
||
| 999 |
_c16389 _d16389 |
||